How to disciple your children / (Record no. 4002)

MARC details
000 -LEADER
fixed length control field 00702cam a22002297a 4500
001 - CONTROL NUMBER
control field 883712
003 - CONTROL NUMBER IDENTIFIER
control field GBCCL
005 - DATE AND TIME OF LATEST TRANSACTION
control field 20241126110508.0
008 - FIXED-LENGTH DATA ELEMENTS--GENERAL INFORMATION
fixed length control field 810605s1981 ilu 000 0 eng
010 ## -
-- 80052905
020 ## - INTERNATIONAL STANDARD BOOK NUMBER
International Standard Book Number 0882072609 (pbk.) :
Terms of availability $3.95
040 ## - CATALOGING SOURCE
Original cataloging agency DLC
Transcribing agency DLC
Modifying agency DLC
050 00 -
-- MLCS 82/5672
082 ## - DEWEY DECIMAL CLASSIFICATION NUMBER
Classification number 248.82
Item number HEN
100 1# - MAIN ENTRY--PERSONAL NAME
Personal name Henrichsen, Walter A.
9 (RLIN) 1940
245 10 - TITLE STATEMENT
Title How to disciple your children /
Statement of responsibility, etc. Walter A. Henrichsen ; [foreword by LeRoy Eims].
260 ## - PUBLICATION, DISTRIBUTION, ETC.
Place of publication, distribution, etc. Wheaton, Ill. :
Name of publisher, distributor, etc. Victor Books,
Date of publication, distribution, etc. c1981.
300 ## - PHYSICAL DESCRIPTION
Extent 119 p. ;
Dimensions 21 cm.
440 #2 - SERIES STATEMENT/ADDED ENTRY--TITLE
Title A Victor adult elective/13 sessions
9 (RLIN) 213
906 ## - LOCAL DATA ELEMENT F, LDF (RLIN)
a 7
b cbc
c orignew
d 4
e ocip
f 19
g y-gencatlg
942 ## - ADDED ENTRY ELEMENTS (KOHA)
Source of classification or shelving scheme Dewey Decimal Classification
Koha item type Books
Koha issues (borrowed), all copies 3
Holdings
Withdrawn status Lost status Source of classification or shelving scheme Damaged status Not for loan Home library Current Library Shelving location Date acquired Total checkouts Total renewals Full call number Barcode Date last seen Date last checked out Copy number Price effective from Koha item type
    Dewey Decimal Classification     GRACE BIBLE COLLEGE GRACE BIBLE COLLEGE Ministry & Mission 2017-12-20 3 1 248.82 HEN 001692 2025-05-01 2023-08-31 c.1 2017-12-20 Books
© Grace Bible College Library 2025